Los mecanismos de guarda legal de las personas con discapacidad tras la convencin̤ de Naciones Unidas

Detalles Bibliográficos
Autor principal: de Salas Murillo, Sofa̕
Formato: eBook
Lenguaje:español
Publicado: Madrid: Dykinson, 2013
Materias:
Acceso en línea:Acceso restringido

MARC

LEADER 00000nam a22000007a 4500
005 20140716001647.0
007 cr|||| ||||
008 140716s2013 es |||||s|||| 00||0 spa d
020 |a 978-84-9031-737-2 
035 |a 12300 
040 |a vLex 
090 |c 5083  |d 5083 
100 1 |a de Salas Murillo, Sofa̕ 
245 1 4 |a Los mecanismos de guarda legal de las personas con discapacidad tras la convencin̤ de Naciones Unidas  |h [Recurso electrn̤ico] /  |c Sofa̕ de Salas Murillo 
256 |a Servicio en ln̕ea 
260 |a Madrid:  |b Dykinson,  |c 2013 
300 |a 1 recurso electrn̤ico 
500 |a Cuando se acaban de cumplir treinta aǫs de la aprobacin̤ de la Ley 13/1983, de 24 de octubre, por la que se reform ̤el Cd̤igo civil en materia de tutela, nuestro sistema jurd̕ico parece llamado a experimentar un profundo cambio para adaptarse a los postulados de la Convencin̤ de Naciones Unidas de los derechos de las personas con discapacidad. La Ley 26/2011 ha modificado numerosas normas del ordenamiento con vistas a dicha adaptacin̤, pero no ha abordado los aspectos jurd̕ico-privados. Queda por tanto pendiente esta tarea del legislador, que ha de tener presentes las directrices de la Convencin̤ la cual, en este punto, gira en torno al sistema de apoyos a prestar a las personas con discapacidad para el ejercicio de su capacidad legal Este volumen colectivo pretende ser una aportacin̤ a dicha tarea. El volumen se divide en tres partes, la primera de las cuales aborda la cuestin̤ central del impacto de la Convencin̤ en nuestro sistema y en tres ordenamientos jurd̕icos de nuestro entorno. Se reflexiona aqu ̕sobre la disyuntiva entre romper con el sistema de tutela de autoridad y de distincin̤ entre capacidad jurd̕ica y capacidad de obrar, o reformarlo sobre la base del sistema ya existente. La segunda parte del volumen se centra en el funcionamiento real de tutela y curatela, con sus virtualidades y carencias, y ello desde la autoridad que da el doble enfoque judicial y acadm̌ico. La tercera y l︢tima parte se dedica a otras figuras de guarda y proteccin̤ distintas de las cls̀icas tutela, curatela y defensor judicial, que estǹ llamadas a cumplir -y que de hecho ya estǹ cumpliendo- un decisivo papel de "apoyo" de las personas con discapacidad en la ln̕ea marcada con la Convencin̤ de Naciones Unidas (art. 12.3). Ha coordinado la serie de estudios que se dan cita en esta obra Sofa̕ de Salas Murillo, una Profesora Titular de Derecho civil de la Universidad de Zaragoza que es una acreditada especialista en estas cuestiones de Derecho de la persona y de la familia, ln̕ea dentro de la cual cuenta con una abundante produccin̤ doctrinal y con un participacin̤ muy notable en Proyectos I +D. 
506 1 |a Disponible solo en los productos indicados  |d vLex Global  |d vLex Global (Academic Edition, excluding Law Schools)  |d vLex Global (U.S. Academic Edition, Law Schools)  |d vLex Global (U.S. Academic Edition, excluding Law Schools)  |d vLex Global (Academic Edition, Law Schools) 
650 0 4 |a Derecho Civil  |z Espaą 
740 0 |a vLex Libros (Servicio en ln̕ea) 
856 4 0 |u http://vlex.com/source/mecanismos-de-guarda-legal-de-las-personas-con-discapacidad-tras-la-convencion-de-naciones-unidas-12300  |z Acceso restringido 
942 |c BOOK 
999 0 |a Civil Law